Deuses que fizeram o céu e a terra (Registo nº 13673)

Detalhes MARC
000 -Etiqueta do registo
Valores 00674nam a22001811i 4500
090 ## -
-- 13673
100 ## - Dados gerais de processamento
Dados gerais 20170304u u u0frey50 ba
101 0# - Língua de publicação
-- por
200 1# - Titulo e menção de responsabilidade
Primeira menção de responsabilidade Jean Sendy
Título próprio Deuses que fizeram o céu e a terra
Informação de outro título o romance da bíblia
215 ## - Descrição física 
Paginação / Volumes 279, [11] p.
Outras indicações físicas il.
Dimensões 21 cm
210 ## - Publicação
Nome do editor Círculo de Leitores
Local de publicação Lisboa
Data de publicação 1982
300 ## - Notas gerais 
Texto da nota Oferta de Raquel e Duarte Vaz Pinto
702 #1 - Autor secundário (pessoa individual)
Apelido Soares
Nome Mário Varela
-- 730
700 #1 - Autor principal (pessoa individual)
Apelido Sendy
Nome Jean
-- 070
996 ## - ISO2709
-- 0015597
-- SEN
-- 00000000
-- 00000000
-- BMVA
-- 1
-- Viana do Alentejo
-- Filosofia
-- 24
-- Livro
-- 0
-- 1
996 ## - ISO2709
-- 0021759
-- SEN
-- 00000000
-- 00000000
-- BMVAAL
-- 3
-- Alcáçovas
-- Filosofia
-- 24
-- Livro
-- 0
-- 1
990 ## - Elementos KOHA
Tipo de documento Livro
Exemplares
Situação do levantamento Estado Biblioteca de origem Biblioteca de empréstimo Código de barras Cota Permissão de empréstimo Tipo de documento Nota relativa ao exemplar Localização na Estante
  Completo Biblioteca Municipal de Viana Do Alentejo Biblioteca Municipal de Viana Do Alentejo 0019350 13 SEN Disponível Livro Depósito - Caixa 26 VNT  
  Completo Biblioteca Municipal de Viana Do Alentejo Pólo Alcáçovas Biblioteca Municipal de Viana Do Alentejo 0020394 SEN Disponível Livro Cx.205 vnt Depósito




Powered by Koha